[Event "Francophone-ch 1st"]
[Site "Hammamet "]
[Date "2010.04.25"]
[Round "1"]
[White "Gulbas, Cemil"]
[Black "Lupfer, Anny"]
[Result "1-0"]
[WhiteElo "2364"]
[BlackElo "1619"]
[PlyCount "37"]
[EventDate "2010.04.25"]
[EventType "swiss"]
[EventRounds "9"]
[EventCountry "TUN"]
[SourceTitle "EXT 2011"]
[Source "ChessBase"]
[SourceDate "2010.11.26"]
[SourceVersion "1"]
[SourceVersionDate "2010.11.26"]
[SourceQuality "1"]

1. e4 c6 2. Nc3 d5 3. Nf3 dxe4 4. Nxe4 Nd7 5. Bc4 Ngf6 6. Neg5 e6 7. Qe2 Nd5 8. d4 Be7 9. Bd2 Qb6 10. 0-0-0 Qc7 11. Bb3 b5 12. Rde1 Nf4 13. Qe4 Ng6 14. Bxe6 Nf6 15. Bxf7+ Kf8 16. Nxh7+ Kxf7 17. Nfg5+ Kg8 18. Qxg6 Bd8 19. Re8+ 1-0

[Event "FRA-chT2 East 0708"]
[Site "France"]
[Date "2008.03.15"]
[Round "8.8"]
[White "Lupfer, Anny"]
[Black "Hourlier, Claire"]
[Result "0-1"]
[WhiteElo "1746"]
[BlackElo "1920"]
[PlyCount "80"]
[EventDate "2007.10.21"]
[EventType "team"]
[EventRounds "11"]
[EventCountry "FRA"]
[SourceTitle "EXT 2009"]
[Source "ChessBase"]
[SourceDate "2008.11.26"]
[SourceVersion "1"]
[SourceVersionDate "2008.11.26"]
[SourceQuality "1"]
[WhiteTeam "Metz Fischer II"]
[BlackTeam "Grenoble"]
[WhiteTeamCountry "FRA"]
[BlackTeamCountry "FRA"]

1. d4 Nf6 2. Nf3 e6 3. Bf4 b6 4. e3 Bb7 5. a3 Be7 6. c4 Ne4 7. Be2 d6 8. Nc3 Nd7 9. 0-0 g5 10. Bg3 Ndf6 11. Qa4+ Qd7 12. Qxd7+ Nxd7 13. Nb5 Bd8 14. Rfd1 h5 15. h4 a6 16. Nc3 Nxg3 17. fxg3 gxh4 18. Nxh4 Rg8 19. Bxh5 Bxh4 20. gxh4 Rxg2+ 21. Kf1 Rh2 22. d5 e5 23. Be2 Rxh4 24. Kf2 Ke7 25. Rg1 Rah8 26. Raf1 Nf6 27. Ke1 Rg8 28. Kd2 Rxg1 29. Rxg1 Bc8 30. Rg2 Bf5 31. b4 Ne4+ 32. Nxe4 Bxe4 33. Rf2 f5 34. Bf1 Kf6 35. Kc3 Kg5 36. Rd2 Rh1 37. Rd1 Bf3 38. Re1 Bg2 39. c5 Rxf1 40. Rxf1 Bxf1 0-1